Wonders of world architecture / (Record no. 7778)

000 -LEADER
fixed length control field 01002cam a22003014a 4500
003 - CONTROL NUMBER IDENTIFIER
control field OSt
005 - DATE AND TIME OF LATEST TRANSACTION
control field 20200521110345.0
008 - FIXED-LENGTH DATA ELEMENTS--GENERAL INFORMATION
fixed length control field 080911r20092002enkab b 001 0 eng
016 7# - NATIONAL BIBLIOGRAPHIC AGENCY CONTROL NUMBER
Record control number 015261188
Source Uk
020 ## - INTERNATIONAL STANDARD BOOK NUMBER
International Standard Book Number 9780500284001 (pbk.)
035 ## - SYSTEM CONTROL NUMBER
System control number (OCoLC)ocn286447149
042 ## - AUTHENTICATION CODE
Authentication code lccopycat
050 00 - LIBRARY OF CONGRESS CALL NUMBER
Classification number NA2500
Item number .W65 2009
082 04 - DEWEY DECIMAL CLASSIFICATION NUMBER
Classification number 720.9PAR
Edition number 22
245 00 - TITLE STATEMENT
Title Wonders of world architecture /
Statement of responsibility, etc edited by Neil Parkyn.
250 ## - EDITION STATEMENT
Edition statement 1st pbk. ed.
260 ## - PUBLICATION, DISTRIBUTION, ETC. (IMPRINT)
Place of publication, distribution, etc London :
Name of publisher, distributor, etc Thames & Hudson,
Date of publication, distribution, etc 2009.
300 ## - PHYSICAL DESCRIPTION
Extent 304 p. :
Other physical details ill. (chiefly col.), maps ;
Dimensions 26 cm.
500 ## - GENERAL NOTE
General note Originally published: as The seventy architectural wonders of our world. 2002.
504 ## - BIBLIOGRAPHY, ETC. NOTE
Bibliography, etc Includes bibliographical references (p. 292-297) and index.
650 #0 - SUBJECT ADDED ENTRY--TOPICAL TERM
Topical term or geographic name as entry element Architecture
General subdivision History.
650 #0 - SUBJECT ADDED ENTRY--TOPICAL TERM
Topical term or geographic name as entry element Civil engineering
General subdivision History.
650 #0 - SUBJECT ADDED ENTRY--TOPICAL TERM
Topical term or geographic name as entry element Buildings
Form subdivision Case studies.
650 07 - SUBJECT ADDED ENTRY--TOPICAL TERM
Topical term or geographic name as entry element Architektur.
Source of heading or term swd
700 1# - ADDED ENTRY--PERSONAL NAME
Personal name Parkyn, Neil,
Dates associated with a name 1943-
740 0# - ADDED ENTRY--UNCONTROLLED RELATED/ANALYTICAL TITLE
Uncontrolled related/analytical title Seventy architectural wonders of our world.
942 ## - ADDED ENTRY ELEMENTS (KOHA)
Source of classification or shelving scheme
Holdings
Withdrawn status Lost status Source of classification or shelving scheme Damaged status Koha normalized classification for sorting Not for loan Permanent location Current location Date acquired Full call number Barcode Date last seen Price effective from Koha item type
        720_000000000000000_9PAR   BMS College of Architecture, Design and Planning BMS College of Architecture, Design and Planning 2020-05-21 720.9PAR AR-UG1567 2020-05-21 2020-05-21 UG Books
Copyright © 2025, The Librarian, Library and Information Centre, BMSCA D&P, Bengaluru. All Rights Reserved
web counter

Powered by Koha